| 000 | 00689nam a2200181 a 4500 | ||
|---|---|---|---|
| 001 | 1495 | ||
| 003 | CDMR | ||
| 005 | 20131015122410.0 | ||
| 008 | 130130s19671981||||||||||||||||||||||||d | ||
| 020 | _a8427605420 | ||
| 040 |
_aCDMR _bcat _cCDMR |
||
| 100 | 1 |
_aGómez Aparicio, Pedro _91132 |
|
| 245 | 1 | 0 |
_aHistoria del periodismo español _cPedro Gómez Aparicio |
| 260 |
_aMadrid _c1967-1981 _bEditora Nacional |
||
| 300 | _a4 v. | ||
| 505 | _aConté: 1.- Desde la "Gaceta de Madrid" (1661) hasta el destronamiento de Isabel II ; 2.- De la Revolución de Septiembre al desastre colonial ; 3.- De las guerras coloniales a la Dictadura ; 4.- De la Dictadura a la Guerra Civil | ||
| 942 |
_cMON _2udc |
||
| 999 |
_c1495 _d1495 |
||